[Event "IND-ch U19 43rd"]
[Site "Lucknow"]
[Date "2013.07.13"]
[Round "6"]
[White "Patil, Pratik"]
[Black "Harihara, Sudan M"]
[Result "0-1"]
[WhiteElo "2238"]
[BlackElo "2134"]
[PlyCount "92"]
[EventDate "2013.07.10"]
[EventType "swiss"]
[EventRounds "11"]
[EventCountry "IND"]
[SourceTitle "CBM 155 Extra"]
[Source "ChessBase"]
[SourceDate "2013.08.26"]
[SourceVersion "1"]
[SourceVersionDate "2013.08.26"]
[SourceQuality "1"]

1. e4 c5 2. c3 d5 3. exd5 Qxd5 4. d4 Nc6 5. Nf3 Nf6 6. Be3 e6 7. dxc5 Qxd1+ 8. Kxd1 Ng4 9. b4 a5 10. Bb5 Bd7 11. Nbd2 axb4 12. Bxc6 Bxc6 13. cxb4 Nxe3+ 14. fxe3 Be7 15. e4 0-0 16. Ke2 f5 17. e5 Rfd8 18. Rhd1 Bb5+ 19. Ke1 Rd3 20. Nb3 Re3+ 21. Kf2 Re2+ 22. Kg3 Raxa2 23. Rxa2 Rxa2 24. Na5 g5 25. Rd2 f4+ 26. Kf2 Ra1 27. g4 fxg3+ 28. Kxg3 Ra3 29. Kg2 g4 30. Nd4 Bd3 31. Nxe6 Be4+ 32. Kf1 Bh4 33. Rb2 Re3 34. Rf2 Bxf2 35. Kxf2 Rf3+ 36. Ke2 Rh3 37. Ng5 Rxh2+ 38. Ke3 Bd5 39. e6 Kf8 40. Kf4 h6 41. Nf7 Ke7 42. Nd6 Bxe6 43. Naxb7 Rf2+ 44. Ke3 Rb2 45. Na5 Bd5 46. Nf5+ Kf6 0-1

[Event "Commonwealth-ch"]
[Site "New Delhi"]
[Date "2010.05.15"]
[Round "8"]
[White "Harihara, Sudan M"]
[Black "Suvrajit, Saha"]
[Result "0-1"]
[WhiteElo "1989"]
[BlackElo "2380"]
[PlyCount "96"]
[EventDate "2010.05.10"]
[EventType "swiss"]
[EventRounds "11"]
[EventCountry "IND"]
[SourceTitle "CBM 136 Extra"]
[Source "ChessBase"]
[SourceDate "2010.07.02"]
[SourceVersion "2"]
[SourceVersionDate "2010.07.15"]
[SourceQuality "1"]

1. Nf3 Nc6 2. d4 d5 3. c4 e6 4. Nc3 Nf6 5. Bg5 Be7 6. e3 0-0 7. Rc1 a6 8. Bd3 Nb4 9. Be2 dxc4 10. Bxc4 b5 11. Be2 Bb7 12. 0-0 Nbd5 13. Qb3 Nxc3 14. bxc3 c5 15. dxc5 Bxc5 16. a4 Bd5 17. c4 bxa4 18. Qxa4 Be4 19. Rfd1 Qc7 20. Bf4 Qe7 21. Ne5 Rfc8 22. Bg5 Ra7 23. h3 Ba3 24. f3 Bxc1 25. fxe4 Qc5 26. Rxc1 Qxe5 27. Bf4 Qb2 28. Rc2 Qb1+ 29. Kh2 Nxe4 30. c5 Nf6 31. e4 a5 32. Rc4 Qb2 33. Bf3 e5 34. Bc1 Qb8 35. Be3 Qc7 36. Rc1 Qc6 37. Qa1 Qc7 38. Qa4 h6 39. Rb1 Qc6 40. Qa1 Qe8 41. Rc1 a4 42. Be2 Nxe4 43. c6 Raa8 44. c7 Nf6 45. Qa2 a3 46. Rc3 Nd5 47. Qxd5 a2 48. Rc1 Rxc7 0-1

[Event "Asia-ch U20"]
[Site "Chennai"]
[Date "2008.12.11"]
[Round "6"]
[White "Harihara, Sudan M"]
[Black "Arjun, PK."]
[Result "1-0"]
[WhiteElo "2039"]
[BlackElo "1920"]
[PlyCount "71"]
[EventDate "2008.12.05"]
[EventType "swiss"]
[EventRounds "9"]
[EventCountry "IND"]
[SourceTitle "CBM 127 Extra"]
[Source "ChessBase"]
[SourceDate "2009.01.08"]
[SourceVersion "2"]
[SourceVersionDate "2009.01.28"]
[SourceQuality "1"]

1. Nf3 Nf6 2. c4 e6 3. Nc3 d5 4. d4 Be7 5. Bg5 0-0 6. e3 Nbd7 7. Rc1 a6 8. cxd5 exd5 9. Bd3 c6 10. 0-0 h6 11. Bh4 Ne4 12. Bxe7 Qxe7 13. Qc2 f5 14. Rb1 Rf6 15. b4 b5 16. a4 Bb7 17. Ne2 Rff8 18. Rfc1 Qd6 19. Ng3 g6 20. axb5 axb5 21. Qb3 Kg7 22. Qb2 Ra4 23. Bc2 Ra6 24. Ra1 Rfa8 25. Rxa6 Rxa6 26. Bxe4 fxe4 27. Ne5 Nb6 28. Qe2 Qe6 29. f4 Ra8 30. f5 gxf5 31. Rf1 Rf8 32. Nxf5+ Kh7 33. Qg4 Rg8 34. Qh5 Bc8 35. Ng4 Rg6 36. Ngxh6 1-0

[Event "Asia-ch U20"]
[Site "Chennai"]
[Date "2008.12.09"]
[Round "4"]
[White "Harihara, Sudan M"]
[Black "Sharath, E."]
[Result "1-0"]
[WhiteElo "2039"]
[BlackElo "1867"]
[PlyCount "93"]
[EventDate "2008.12.05"]
[EventType "swiss"]
[EventRounds "9"]
[EventCountry "IND"]
[SourceTitle "CBM 127 Extra"]
[Source "ChessBase"]
[SourceDate "2009.01.08"]
[SourceVersion "2"]
[SourceVersionDate "2009.01.28"]
[SourceQuality "1"]

1. Nf3 Nf6 2. c4 d5 3. d4 e6 4. Nc3 c6 5. Bg5 Be7 6. e3 Nbd7 7. Rc1 0-0 8. Bd3 Re8 9. 0-0 dxc4 10. Bxc4 Nd5 11. Bxe7 Qxe7 12. e4 Nxc3 13. Rxc3 e5 14. dxe5 Nxe5 15. Nxe5 Qxe5 16. Qb3 Qc7 17. Qc2 Be6 18. Bd3 Qb6 19. Kh1 Rad8 20. b3 Rd4 21. f4 Bc8 22. e5 h6 23. Bc4 Be6 24. Bd3 Bc8 25. h3 Qb4 26. Rc4 Rxc4 27. Bxc4 Be6 28. Bxe6 Rxe6 29. Rd1 Re8 30. Qf5 g6 31. Qg4 Qf8 32. f5 g5 33. Re1 Qc5 34. e6 fxe6 35. Qh5 Qf8 36. Qg6+ Kh8 37. Rxe6 Rxe6 38. Qxe6 c5 39. Kg1 b6 40. Kf2 a6 41. Kf3 h5 42. Qg6 Qd8 43. Qxh5+ Kg8 44. Qg6+ Kf8 45. Kg4 Qd2 46. Qf6+ Kg8 47. Qxg5+ 1-0

[Event "Asia-ch U20"]
[Site "Chennai"]
[Date "2008.12.08"]
[Round "3"]
[White "Mohammad, Minhaz Uddin"]
[Black "Harihara, Sudan M"]
[Result "1-0"]
[WhiteElo "2377"]
[BlackElo "2039"]
[PlyCount "169"]
[EventDate "2008.12.05"]
[EventType "swiss"]
[EventRounds "9"]
[EventCountry "IND"]
[SourceTitle "CBM 127 Extra"]
[Source "ChessBase"]
[SourceDate "2009.01.08"]
[SourceVersion "2"]
[SourceVersionDate "2009.01.28"]
[SourceQuality "1"]

1. e4 c5 2. Nf3 Nc6 3. Nc3 e5 4. Bc4 Be7 5. d3 Nf6 6. Ng5 0-0 7. f4 exf4 8. Bxf4 d5 9. exd5 Nb4 10. 0-0 Bg4 11. Qd2 Nfxd5 12. Nxd5 Nxd5 13. Ne4 Bh5 14. Rae1 Bg6 15. Kh1 Bh4 16. Rd1 Be7 17. Qf2 Rc8 18. Qf3 Nxf4 19. Qxf4 Qc7 20. Qxc7 Rxc7 21. Nc3 Rcc8 22. Rde1 Bd6 23. Nb5 Bb8 24. Re7 a6 25. Nc3 b5 26. Bd5 Rcd8 27. Bb7 Bd6 28. Ree1 b4 29. Nb1 a5 30. Nd2 Rfe8 31. Nc4 Bc7 32. Bc6 Rxe1 33. Rxe1 Kf8 34. g3 f6 35. b3 Bf7 36. Ne3 Be5 37. Kg2 g6 38. g4 Rd6 39. Be4 Bd4 40. Nf1 Be6 41. h3 Kf7 42. Ng3 Be5 43. Nf1 h6 44. Bf3 Bf4 45. Re4 Be5 46. Nd2 Bc3 47. Nb1 Be5 48. a4 Bd5 49. Re2 Bf4 50. Bxd5+ Rxd5 51. Re4 g5 52. Kf3 Bc1 53. Re1 Bf4 54. Re2 f5 55. gxf5 Rxf5 56. Kg4 Kf6 57. Nd2 Bc7 58. Rf2 Bf4 59. Ne4+ Kg6 60. Kf3 h5 61. Ke2 g4 62. Rg2 Re5 63. hxg4 h4 64. Kf3 Bg5 65. Re2 Re8 66. Nxc5 Rxe2 67. Kxe2 Bd8 68. Ne4 Bb6 69. Kf3 Kf7 70. g5 Kg6 71. Kg4 Bd4 72. Kxh4 Be3 73. Kg4 Bd4 74. Nd2 Be3 75. Nf3 Bf2 76. d4 Be3 77. d5 Bc5 78. Ne5+ Kg7 79. Kf5 Bd6 80. Nc4 Bc7 81. d6 Bd8 82. g6 Kf8 83. d7 Bc7 84. Ne5 Ke7 85. g7 1-0

[Event "Mumbai Mayors Cup 1st"]
[Site "Mumbai"]
[Date "2008.05.17"]
[Round "9"]
[White "Deshpande, Aniruddha"]
[Black "Harihara, Sudan M"]
[Result "1-0"]
[WhiteElo "2174"]
[BlackElo "1980"]
[PlyCount "101"]
[EventDate "2008.05.11"]
[EventType "swiss"]
[EventRounds "11"]
[EventCountry "IND"]
[SourceTitle "CBM 124 Extra"]
[Source "ChessBase"]
[SourceDate "2008.07.03"]
[SourceVersion "1"]
[SourceVersionDate "2008.07.03"]
[SourceQuality "1"]

1. e4 c5 2. Nf3 Nc6 3. Bb5 g6 4. Bxc6 bxc6 5. 0-0 Bg7 6. d3 e5 7. c3 Ne7 8. b4 cxb4 9. cxb4 0-0 10. Bb2 d6 11. d4 Bg4 12. dxe5 Bxf3 13. Qxf3 dxe5 14. Na3 Qb6 15. Bc3 c5 16. b5 a6 17. Nc4 Qe6 18. Na3 Rfb8 19. b6 Rxb6 20. Qe3 Rc8 21. Rfc1 c4 22. Nc2 Rd6 23. Qe1 Rcd8 24. Bb4 Rd3 25. Bxe7 Qxe7 26. Nb4 Qb7 27. Nxd3 cxd3 28. Rab1 Qd7 29. Qd2 Qa4 30. Rd1 Qxe4 31. Rb3 Qc4 32. Rxd3 Rxd3 33. Qxd3 Qxa2 34. g3 a5 35. Rc1 a4 36. Rc8+ Bf8 37. h4 Qa1+ 38. Kg2 Qb2 39. Qd5 Qd4 40. Qxd4 exd4 41. Rc4 a3 42. Rxd4 h5 43. Ra4 Kg7 44. Ra6 Bc5 45. f3 Kh7 46. g4 Kh6 47. gxh5 Be7 48. hxg6 fxg6 49. Kh3 Kh5 50. Ra7 Bf8 51. Ra8 1-0

[Event "Mumbai Mayors Cup 1st"]
[Site "Mumbai"]
[Date "2008.05.12"]
[Round "2"]
[White "Harihara, Sudan M"]
[Black "Praveen Kumar, Chandrasekar"]
[Result "0-1"]
[WhiteElo "1980"]
[BlackElo "2287"]
[PlyCount "136"]
[EventDate "2008.05.11"]
[EventType "swiss"]
[EventRounds "11"]
[EventCountry "IND"]
[SourceTitle "CBM 124 Extra"]
[Source "ChessBase"]
[SourceDate "2008.07.03"]
[SourceVersion "1"]
[SourceVersionDate "2008.07.03"]
[SourceQuality "1"]

1. Nf3 e6 2. c4 Nf6 3. Nc3 c5 4. g3 b6 5. Bg2 Bb7 6. 0-0 Be7 7. e3 a6 8. d4 cxd4 9. exd4 Qc7 10. Qe2 d6 11. Bf4 Nbd7 12. Rac1 Rc8 13. b3 0-0 14. Rfd1 Qb8 15. d5 e5 16. Bg5 Qa8 17. Bh3 Rc7 18. Ne4 Qd8 19. Bxf6 Nxf6 20. Nxf6+ Bxf6 21. Qe3 Re7 22. Nd2 Ree8 23. Ne4 Be7 24. g4 Bc8 25. Qf3 Bg5 26. Rc2 Bf4 27. Kh1 h5 28. g5 Bxh3 29. Qxh3 g6 30. Rg1 Kg7 31. Rc3 Qe7 32. b4 Rc8 33. f3 Rfd8 34. a3 Qb7 35. Rd1 Rc7 36. Kg2 Kf8 37. Kf1 Rcc8 38. Kg2 Qe7 39. c5 bxc5 40. bxc5 dxc5 41. Kh1 Qb7 42. Nxc5 Qb2 43. Na4 Qe2 44. Rf1 Rxc3 45. Nxc3 Qd3 46. Ne4 Qxd5 47. Qg2 Qd3 48. a4 Rc8 49. Nf2 Qb3 50. Qh3 Rc2 51. a5 Qe3 52. Kg2 Bxg5 53. Qd7 Bh4 54. Qd6+ Kg7 55. Qd5 Rxf2+ 56. Rxf2 Qxf2+ 57. Kh3 Bf6 58. Qd3 Qd4 59. Qxa6 g5 60. Qe2 Bd8 61. a6 Bb6 62. Kg2 Qg1+ 63. Kh3 Qe3 64. Qxe3 Bxe3 65. Kg3 f5 66. Kg2 Kf6 67. Kf1 g4 68. Ke2 Ba7 0-1